<?xml version='1.0' encoding='UTF-8'?>
  <record xmlns="http://www.loc.gov/MARC21/slim">
    <leader>00000cam a22000007i 4500</leader>
    <controlfield tag="001">ocm65292449</controlfield>
    <controlfield tag="003">OCoLC</controlfield>
    <controlfield tag="005">20250818172502.7</controlfield>
    <controlfield tag="008">900616s1860    gw            000 0 ger d</controlfield>
    <datafield tag="040" ind1=" " ind2=" ">
      <subfield code="a">NLGGC</subfield>
      <subfield code="b">dut</subfield>
      <subfield code="e">fobidrtb</subfield>
      <subfield code="c">NLGGC</subfield>
      <subfield code="d">OCLCL</subfield>
      <subfield code="d">OCLCQ</subfield>
    </datafield>
    <datafield tag="029" ind1="0" ind2=" ">
      <subfield code="a">NLGGC</subfield>
      <subfield code="b">062940384</subfield>
    </datafield>
    <datafield tag="035" ind1=" " ind2=" ">
      <subfield code="a">(OCoLC)65292449</subfield>
    </datafield>
    <datafield tag="100" ind1="1" ind2=" ">
      <subfield code="a">Klemm, Johann Heinrich Gottlob.</subfield>
    </datafield>
    <datafield tag="245" ind1="1" ind2="4">
      <subfield code="a">Die Hufbeschlagskunst nach den neuesten Grundsätzen unter Berücksichtigung der älteren erprobten Vortheile und mit spezieller Bezugnahme auf die neue Construction der Hufeisen mit abnehmbaren Einsatzstollen sowie die sogenannten Nothhufeisen :</subfield>
      <subfield code="b">allen Pferdebesitzern und Hufschmieden gewidmet /</subfield>
      <subfield code="c">vom Verfasser des "Kleinen Stallmeisters" etc. [i.e. J.H.G. Klemm].</subfield>
    </datafield>
    <datafield tag="260" ind1=" " ind2=" ">
      <subfield code="a">Dresden :</subfield>
      <subfield code="b">Klemm,</subfield>
      <subfield code="c">[1860]</subfield>
    </datafield>
    <datafield tag="300" ind1=" " ind2=" ">
      <subfield code="a">[II], 44, [4] p., 2 bl. pl. (uitsl.) :</subfield>
      <subfield code="b">ill. ;</subfield>
      <subfield code="c">21 cm.</subfield>
    </datafield>
    <datafield tag="336" ind1=" " ind2=" ">
      <subfield code="a">tekst</subfield>
      <subfield code="b">txt</subfield>
      <subfield code="2">rdacontent/dut</subfield>
    </datafield>
    <datafield tag="337" ind1=" " ind2=" ">
      <subfield code="a">zonder medium</subfield>
      <subfield code="b">n</subfield>
      <subfield code="2">rdamedia/dut</subfield>
    </datafield>
    <datafield tag="338" ind1=" " ind2=" ">
      <subfield code="a">band</subfield>
      <subfield code="b">nc</subfield>
      <subfield code="2">rdacarrier/dut</subfield>
    </datafield>
    <datafield tag="500" ind1=" " ind2=" ">
      <subfield code="a">Verscheen in 1858 o.d.t.: Vollständige Belehrung über die bisher als Geheimniss ... verkaufte neue Construction der Hufeisen.</subfield>
    </datafield>
    <datafield tag="530" ind1=" " ind2=" ">
      <subfield code="a">Ook beschikbaar in microvorm.</subfield>
    </datafield>
    <datafield tag="758" ind1=" " ind2=" ">
      <subfield code="a">Die Hufbeschlagskunst nach den neuesten Grundsätzen unter Berücksichtigung der älteren erprobten Vortheile und mit spezieller Bezugnahme auf die neue Construction der Hufeisen mit abnehmbaren Einsatzstollen sowie die sogenannten Nothhufeisen (Text)</subfield>
      <subfield code="1">https://id.oclc.org/worldcat/entity/E39PCXfKpcjrJKPChk9WqPDC73</subfield>
      <subfield code="4">https://id.oclc.org/worldcat/ontology/hasWork</subfield>
    </datafield>
    <datafield tag="936" ind1=" " ind2=" ">
      <subfield code="a">BATCHLOAD</subfield>
    </datafield>
  </record>